Eastern Utah Libraries Catalog: Duchesne, Heber, Roosevelt, & Vernal

Minecraft construction handbook / (Record no. 354293)

MARC details
000 -LEADER
fixed length control field 04110cam a22008177i 4500
001 - CONTROL NUMBER
control field ocn891133864
003 - CONTROL NUMBER IDENTIFIER
control field OCoLC
005 - DATE AND TIME OF LATEST TRANSACTION
control field 20201008173010.0
008 - FIXED-LENGTH DATA ELEMENTS--GENERAL INFORMATION
fixed length control field 150610t20142014nyua j bf 000 0 eng d
010 ## - LIBRARY OF CONGRESS CONTROL NUMBER
LC control number 2015413512
040 ## - CATALOGING SOURCE
Original cataloging agency ZPJ
Language of cataloging eng
Description conventions rda
Transcribing agency DLC
Modifying agency ZPJ
-- BTCTA
-- OQX
-- IH7
-- JOC
-- GO3
-- SX2
-- CGB
-- AUOAC
-- ZP7
-- OCLCO
-- OCL
-- TXMLI
-- HOKAH
-- OCLCO
-- NZROP
-- OCLCQ
-- OCLCO
-- TOP
-- BYV
-- GRC
-- KL6
-- OCLCA
-- KJ6
-- CEF
-- XZ9
-- RCL
-- HCO
-- TXBNC
-- T7R
-- SPP
-- OCLCQ
-- TXING
-- LKC
-- TL4
-- BRG
-- OCLCO
-- OCLCQ
-- OCLCO
-- OCL
-- OCLCA
-- OCLCQ
-- OCLCO
-- CHBRC
-- OCL
-- WACOL
019 ## -
-- 884811464
-- 890696883
-- 898038156
020 ## - INTERNATIONAL STANDARD BOOK NUMBER
International Standard Book Number 9780545685177
020 ## - INTERNATIONAL STANDARD BOOK NUMBER
International Standard Book Number 0545685176
020 ## - INTERNATIONAL STANDARD BOOK NUMBER
International Standard Book Number 9780545776103
020 ## - INTERNATIONAL STANDARD BOOK NUMBER
International Standard Book Number 0545776104
020 ## - INTERNATIONAL STANDARD BOOK NUMBER
International Standard Book Number 9781480664401
Qualifying information (Paw Prints)
020 ## - INTERNATIONAL STANDARD BOOK NUMBER
International Standard Book Number 1480664405
Qualifying information (Paw Prints)
020 ## - INTERNATIONAL STANDARD BOOK NUMBER
International Standard Book Number 9780545823258
020 ## - INTERNATIONAL STANDARD BOOK NUMBER
International Standard Book Number 0545823250
024 3# - OTHER STANDARD IDENTIFIER
Standard number or code 9780545776103
029 1# - (OCLC)
OCLC library identifier AU@
System control number 000053493287
029 1# - (OCLC)
OCLC library identifier NZ1
System control number 15677070
035 ## - SYSTEM CONTROL NUMBER
System control number (OCoLC)891133864
Canceled/invalid control number (OCoLC)884811464
-- (OCoLC)890696883
-- (OCoLC)898038156
037 ## - SOURCE OF ACQUISITION
Source of stock number/acquisition Scholastic, Po Box 7502, Jefferson City, MO, USA, 65102
Note SAN 860-0023
042 ## - AUTHENTICATION CODE
Authentication code lccopycat
050 14 - LIBRARY OF CONGRESS CALL NUMBER
Classification number GV1469.35.M535
Item number N44 2014
082 04 - DEWEY DECIMAL CLASSIFICATION NUMBER
Classification number 793.93/2
Edition number 23
092 ## - LOCALLY ASSIGNED DEWEY CALL NUMBER (OCLC)
Classification number 793.93
Item number Nee
049 ## - LOCAL HOLDINGS (OCLC)
Holding library WACL
100 1# - MAIN ENTRY--PERSONAL NAME
Personal name Needler, Matthew,
Relator term author.
9 (RLIN) 6281159
245 10 - TITLE STATEMENT
Title Minecraft construction handbook /
Statement of responsibility, etc written by Matthew Needler and Phil Southam (FyreUK) ; illustrations by James Barker and Theo Cordner.
264 #1 - Production, Publication, Distribution, Manufacture, and Copyright Notice.
Place of production, publication, distribution, manufacture New York, NY :
Name of producer, publisher, distributor, manufacturer Scholastic,
Date of production, publication, distribution, manufacture, or copyr [2014]
264 #4 - Production, Publication, Distribution, Manufacture, and Copyright Notice.
Date of production, publication, distribution, manufacture, or copyr �2014
300 ## - PHYSICAL DESCRIPTION
Extent 77 pages :
Other physical details color illustrations ;
Dimensions 20 cm
336 ## - Content Type
Content type term text
337 ## - Media type
Media type term unmediated
338 ## - Carrier type
Carrier type term volume
490 1# - SERIES STATEMENT
Series statement Minecraft
505 0# - FORMATTED CONTENTS NOTE
Formatted contents note Introduction -- Wooden house -- Chateau de Resquer -- Nordic hall -- Decorative garden -- Stream cottage -- Palace gardens -- Fortified wall -- Mage City walls -- Large medieval city wall -- Royal hall -- Dwarven city -- Palace -- Suspension bridge -- Tower bridge -- Mage bridge -- Floating island -- Mage tower islands -- Steampunk city -- Galleon ship -- Mage ships -- Pirate island ship -- Epic roller coaster -- Red dragon coaster -- No escape -- Final words from FyreUK -- Useful links.
520 ## - SUMMARY, ETC.
Summary, etc An official guide to Minecraft construction shares essential tips and tricks for building creative structures and innovations ranging from theme parks and waterslides to pirate coves and animal cannons.
504 ## - BIBLIOGRAPHY, ETC. NOTE
Bibliography, etc Includes bibliographical references (page 79).
521 ## - TARGET AUDIENCE NOTE
Target audience note Junior Nonfiction
Source Amazon
650 #0 - SUBJECT ADDED ENTRY--TOPICAL TERM
Topical term or geographic name as entry element Minecraft (Game)
Form subdivision Handbooks, manuals, etc.
-- Juvenile literature.
9 (RLIN) 5744106
650 #0 - SUBJECT ADDED ENTRY--TOPICAL TERM
Topical term or geographic name as entry element Video games
Form subdivision Handbooks, manuals, etc.
-- Juvenile literature.
9 (RLIN) 5744112
650 #1 - SUBJECT ADDED ENTRY--TOPICAL TERM
Topical term or geographic name as entry element Minecraft (Game)
Form subdivision Handbooks, manuals, etc.
9 (RLIN) 5746776
650 #1 - SUBJECT ADDED ENTRY--TOPICAL TERM
Topical term or geographic name as entry element Video games
Form subdivision Handbooks, manuals, etc.
9 (RLIN) 5746777
650 #7 - SUBJECT ADDED ENTRY--TOPICAL TERM
Topical term or geographic name as entry element Minecraft (Game)
Source of heading or term fast
-- (OCoLC)fst01894597
9 (RLIN) 6378686
650 #7 - SUBJECT ADDED ENTRY--TOPICAL TERM
Topical term or geographic name as entry element Video games.
Source of heading or term fast
-- (OCoLC)fst01166421
9 (RLIN) 6378687
650 #7 - SUBJECT ADDED ENTRY--TOPICAL TERM
Topical term or geographic name as entry element Video games
Form subdivision Handbooks, manuals, etc.
Source of heading or term sears
9 (RLIN) 5746777
650 #7 - SUBJECT ADDED ENTRY--TOPICAL TERM
Topical term or geographic name as entry element Video games.
Source of heading or term sears
9 (RLIN) 6378687
655 #7 - INDEX TERM--GENRE/FORM
Genre/form data or focus term Literature.
Source of term fast
-- (OCoLC)fst01921716
9 (RLIN) 5737092
655 #0 - INDEX TERM--GENRE/FORM
Genre/form data or focus term Young adult literature.
9 (RLIN) 5700578
655 #4 - INDEX TERM--GENRE/FORM
Genre/form data or focus term Handbooks, manuals, etc.
9 (RLIN) 5738999
655 #4 - INDEX TERM--GENRE/FORM
Genre/form data or focus term Juvenile works.
9 (RLIN) 5673941
655 #7 - INDEX TERM--GENRE/FORM
Genre/form data or focus term Handbooks and manuals.
Source of term fast
-- (OCoLC)fst01423877
9 (RLIN) 5705141
655 #7 - INDEX TERM--GENRE/FORM
Genre/form data or focus term Juvenile works.
Source of term fast
-- (OCoLC)fst01411637
9 (RLIN) 5673941
655 #7 - INDEX TERM--GENRE/FORM
Genre/form data or focus term Handbooks and manuals.
Source of term lcgft
9 (RLIN) 5705141
655 #7 - INDEX TERM--GENRE/FORM
Genre/form data or focus term Literature.
Source of term lcgft
9 (RLIN) 5737092
655 #7 - INDEX TERM--GENRE/FORM
Genre/form data or focus term 1050L.
Source of term lexile
9 (RLIN) 6378688
700 1# - ADDED ENTRY--PERSONAL NAME
Personal name Southam, Phil,
Relator term author.
9 (RLIN) 6281160
700 1# - ADDED ENTRY--PERSONAL NAME
Personal name Barker, James
Titles and other words associated with a name (Illustrator)
9 (RLIN) 6378689
700 1# - ADDED ENTRY--PERSONAL NAME
Personal name Cordner, Theo,
Relator term illustrator.
9 (RLIN) 6378690
710 2# - ADDED ENTRY--CORPORATE NAME
Corporate name or jurisdiction name as entry element Mojang AB (Firm),
Relator term production company.
9 (RLIN) 5712867
830 #0 - SERIES ADDED ENTRY--UNIFORM TITLE
Uniform title Minecraft.
9 (RLIN) 5723928
856 42 - ELECTRONIC LOCATION AND ACCESS
Materials specified Publisher description
Uniform Resource Identifier <a href="http://catdir.loc.gov/catdir/enhancements/fy1511/2015413512-d.html">http://catdir.loc.gov/catdir/enhancements/fy1511/2015413512-d.html</a>
856 4# - ELECTRONIC LOCATION AND ACCESS
Uniform Resource Identifier <a href="http://www.scholastic.com">http://www.scholastic.com</a>
856 4# - ELECTRONIC LOCATION AND ACCESS
Uniform Resource Identifier <a href="http://www.minecraft.net">http://www.minecraft.net</a>
938 ## -
-- Baker and Taylor
-- BTCP
-- BK0015334828
994 ## -
-- C0
-- WACOL
Holdings
Withdrawn status Lost status Source of classification or shelving scheme Damaged status Not for loan Collection code Home library Current library Shelving location Date acquired Source of acquisition Total Checkouts Total Renewals Full call number Barcode Checked out Date last seen Date checked out Cost, replacement price Price effective from Koha item type
    Dewey Decimal Classification     Junior NonFiction Wasatch County Library Wasatch County Library Second Floor 02/29/2024 Donation 20 12 J 793.93 Needler 34301002067314 05/08/2026 02/14/2026 02/14/2026 8.99 02/29/2024 BOOK
    Dewey Decimal Classification     Junior NonFiction Wasatch County Library Wasatch County Library Second Floor 09/12/2024 Donation 14 10 J 793.93 Needler 34301002130708 02/26/2026 02/05/2026 02/05/2026 5.99 09/12/2024 BOOK
This project was made possible through a grant from the Institute of Museum and Library Service administered by the Utah State Library Division.

Wasatch County Library

  • 465 East 1200 South, Heber City, Utah 84032
  • Phone 435-654-1511 | Fax 435-654-6456

Hours

  • Monday - Friday 9:30 AM - 8:00 PM
  • Saturday 9:30 AM - 1:30 PM
  • Closed Sundays and Holidays